Health policy, ethics, and human values : (Record no. 4018)

000 -LEADER
fixed length control field 01304nam a2200313 a 4500
003 - CONTROL NUMBER IDENTIFIER
control field ALUPE UNIVERSITY
005 - DATE AND TIME OF LATEST TRANSACTION
control field 20220317064405.0
008 - FIXED-LENGTH DATA ELEMENTS--GENERAL INFORMATION
fixed length control field 900124s1988 sz b i100 0 eng
020 ## - INTERNATIONAL STANDARD BOOK NUMBER
International Standard Book Number 9290360348
040 ## - CATALOGING SOURCE
Transcribing agency DLC
043 ## - GEOGRAPHIC AREA CODE
Geographic area code e------
-- n------
050 00 - LIBRARY OF CONGRESS CALL NUMBER
Classification number RA395
Item number .E85C56 1987
111 2# - MAIN ENTRY--MEETING NAME
Number of part/section/meeting (21st :
Date of meeting or treaty signing 1987 :
245 10 - TITLE STATEMENT
Title Health policy, ethics, and human values :
Remainder of title European and North American perspectives : conference highlights, papers, and conclusions /
Statement of responsibility, etc. XXIst CIOMS Conference, Noordwijk aan Zee, the Netherlands, 2-5 June 1987 ; edited by Z. Bankowski and J.H. Bryant.
260 ## - PUBLICATION, DISTRIBUTION, ETC.
Place of publication, distribution, etc. Geneva :
Name of publisher, distributor, etc. CIOMS,
Date of publication, distribution, etc. c1988.
300 ## - PHYSICAL DESCRIPTION
Extent viii, 223 p. ;
Dimensions 24 cm.
504 ## - BIBLIOGRAPHY, ETC. NOTE
Bibliography, etc. note Includes bibliographies.
650 #0 - SUBJECT ADDED ENTRY--TOPICAL TERM
Topical term or geographic name entry element Medical policy
General subdivision Social aspects
Geographic subdivision Europe
General subdivision Congresses.
650 #0 - SUBJECT ADDED ENTRY--TOPICAL TERM
Topical term or geographic name entry element Medical policy
General subdivision Social aspects
Geographic subdivision North America
General subdivision Congresses.
650 #0 - SUBJECT ADDED ENTRY--TOPICAL TERM
Topical term or geographic name entry element Medical ethics
Geographic subdivision Europe
General subdivision Congresses.
650 #0 - SUBJECT ADDED ENTRY--TOPICAL TERM
Topical term or geographic name entry element Medical ethics
Geographic subdivision North America
General subdivision Congresses.
650 #0 - SUBJECT ADDED ENTRY--TOPICAL TERM
Topical term or geographic name entry element Social medicine
Geographic subdivision Europe
General subdivision Congresses.
650 #0 - SUBJECT ADDED ENTRY--TOPICAL TERM
Topical term or geographic name entry element Social medicine
Geographic subdivision North America
General subdivision Congresses.
700 1# - ADDED ENTRY--PERSONAL NAME
Personal name Bańkowski, Zbigniew.
700 1# - ADDED ENTRY--PERSONAL NAME
Personal name Bryant, John H.,
Dates associated with a name 1925-
710 2# - ADDED ENTRY--CORPORATE NAME
Corporate name or jurisdiction name as entry element Council for International Organizations of Medical Sciences.
906 ## - LOCAL DATA ELEMENT F, LDF (RLIN)
a 7
b cbc
c orignew
d 3
e ncip
f 19
g y-gencatlg
942 ## - ADDED ENTRY ELEMENTS (KOHA)
Source of classification or shelving scheme
Koha item type Book
Holdings
Withdrawn status Lost status Source of classification or shelving scheme Damaged status Not for loan Permanent Location Current Location Shelving location Date acquired Source of acquisition Total Checkouts Full call number Barcode Date last seen Price effective from Koha item type Public note
          AU LIBRARY AU LIBRARY Open Shelf 17.03.2022 DONATION FROM MOI UNIVERSITY   RA395 .E85C56 1987 28005951 17.03.2022 17.03.2022 Book CM

Powered by Koha